=LDR 00000nam 2200000 4500 =001 INLIS000000000050765 =005 20170516085835 =035 ##$$a 0010-0517000418 =007 ta =008 170516###########################0###### =020 ##$$a 979-24-0583-6 =082 ##$$a 909 =084 ##$$a 909 FAR s =100 #$$a Farndon, Jhon =245 1#$$a Sejarah Dunia Untuk Anak Pintar /$c Jhon Farndon =250 ##$$a 443 hlm. =260 ##$$a Yogyakarta :$b Platinum,$c 2010 =650 ##$$a SEJARAH DUNIA =990 ##$$a 85638563 =990 ##$$a 85638563 =990 ##$$a 31700183 =990 ##$$a 02201708563 =990 ##$$a 31700184 =990 ##$$a 31700183